000 01389nam a2200385 a 4500
008 260505s2026 sp 000 0 spa d
041 _aspa
111 2 _aDIA INTERNACIONAL DE LOS TRABAJADORES
_d2026
_941442
245 1 0 _aManifiesto Primero de Mayo 2026
_b: Derechos, no trincheras. Salarios, vivienda y democracia
260 _aToledo :
_bCCOO de Castilla-La Mancha,
_c2026
300 _a3 p. ;
_c 30 cm
500 _aEn: Gaceta Sindical Digital : Castilla-La Mancha, n. 617 (abril 2026), p. 4-6
650 0 _aACTITUD SINDICAL
_961
650 0 _aDIA INTERNACIONAL DE LOS TRABAJADORES
_939791
650 0 _aDERECHOS DE LOS TRABAJADORES
_94
650 0 _aMOVIMIENTO OBRERO
_9970
650 0 _aVIVIENDA
_9438
650 0 _aSINDICALISMO
_9189
650 0 _aGUERRA
_9799
650 0 _aORIENTE MEDIO
_93584
650 0 _aESTADOS UNIDOS DE AMERICA
_922787
650 0 _aIDEOLOGIA POLITICA
_91711
650 0 _aPARTIDO POLITICO
_9803
650 0 _aESPAÑA
_99
650 0 _aDERECHOS HUMANOS
_92569
650 0 _aINMIGRANTE
_98432
650 0 _aPOLITICA MIGRATORIA
_9600
650 0 _aDISCRIMINACION RACIAL
_9225
650 0 _aLEGISLACION
_9111
650 0 _aDEMOCRACIA
_9387
710 2 _aCCOO
_bCastilla-La Mancha
_eed.
_924880
856 _zPDF
_uhttps://docpublicos.ccoo.es/cendoc/073632ManifiestoPrimeroMayo2026.pdf
907 _aPrimero de Mayo
942 _cDOCU_ELEC
_2ddc
_n0
999 _c64747
_d64747